000 00622nam a22002177a 4500
003 OSt
005 20140310181745.0
008 130620t xxu||||| |||| 00| 0 eng d
020 _a9789719515807
050 _aPL 5531
_b.B811 2011
082 _aIB 133.30
_bB68 2011
245 _aHeading into a different world :
_bancient messages and present warnings /
_cPamela Bradley
260 _aMakati City, Philippines :
_bWaddage Corp,
_cc2011.
300 _a110 p. :
_bill. ;
_c20 cm.
521 _aIB Students
541 _j1
541 _j2
541 _j3
562 _e3
942 _2lcc
_cIB
_kIB
999 _c2944
_d2944